000 00390nam a2200169Ia 4500
003 STCL
008 181203s9999 xx 000 0 und d
020 _a9780099465935
040 _aSTCL
_bEN
_cSTCL
082 _222
100 _aCoetzee, J.M.
245 0 _aWaiting for the Barbarians
260 _bVintage Books
_aLondon
_c2004
300 _a170
546 _aEnglish
942 _2ddc
_cBK
999 _c87037
_d87037